000
00312nam a2200097Ia 4500
082
_a
775 ROSC
245
0
_a
Digital photography manual : creating better pictures from camera to computer
100
_a
ROSCH, Winn L. Sparkford, UK, 2003
_9
75568
942
_c
BK
008
210817s9999 xx 000 0 und d
999
_c
250124
_d
250123